Flags of Africa #2 - Statistics

General Stats
  • This quiz has been taken 66 times
  • The average score is 7 of 8
Answer Stats
Picture Answer % Correct
Kenya
98%
Seychelles
93%
Ethiopia
87%
Zimbabwe
87%
Botswana
84%
Equatorial Guinea
80%
Cabo Verde
78%
Djibouti
76%
No matching quizzes found
Score Distribution
Percent of People with Each Score
Percentile by Number Answered
Your Score History
You have not taken this quiz